John Ford Filmography - Statistics

General Stats
  • This quiz has been taken 144 times
  • The average score is 18 of 71
Answer Stats
Year Answer % Correct
1956 The Searchers
95%
1939 Stagecoach
90%
1940 The Grapes of Wrath
79%
1962 The Man Who Shot Liberty Valance
79%
1952 The Quiet Man
77%
1950 Rio Grande
73%
1948 Fort Apache
68%
1941 How Green Was My Valley
68%
1946 My Darling Clementine
68%
1949 She Wore a Yellow Ribbon
63%
1939 Young Mr. Lincoln
44%
1935 The Informer
42%
1948 3 Godfathers
37%
1950 Wagon Master
37%
1945 They Were Expendable
36%
1963 Donovan's Reef
34%
1959 The Horse Soldiers
33%
1964 Cheyenne Autumn
29%
1957 The Wings of Eagles
27%
1934 Judge Priest
26%
1958 The Last Hurrah
26%
1940 The Long Voyage Home
26%
1961 Two Rode Together
26%
1966 7 Women
25%
1953 Mogambo
23%
1941 Tobacco Road
23%
1939 Drums Along the Mohawk
22%
1936 Mary of Scotland
22%
1955 Mister Roberts
21%
1942 The Battle of Midway
21%
1947 The Fugitive
21%
1953 The Sun Shines Bright
21%
1935 The Whole Town's Talking
19%
1933 Doctor Bull
18%
1960 Sergeant Rutledge
18%
1935 Steamboat Round the Bend
18%
1936 The Prisoner of Shark Island
18%
1937 Wee Willie Winkie
18%
1932 Air Mail
15%
1938 Four Men and a Prayer
15%
1930 Men Without Women
15%
1933 Pilgrimage
15%
1955 The Long Gray Line
15%
1943 December 7th
14%
1958 Gideon of Scotland Yard
14%
1934 The Lost Patrol
14%
1930 Up the River
14%
1932 Flesh
12%
1934 The World Moves On
12%
1952 What Price Glory
12%
1950 When Willie Comes Marching Home
12%
1931 Arrowsmith
11%
1937 The Hurricane
11%
1957 The Rising of the Moon
10%
1949 Pinky
8%
1931 The Brat
8%
1936 The Plough and the Stars
8%
1930 Born Reckless
7%
1931 Seas Beneath
7%
1976 Chesty: A Tribute to a Legend
5%
1938 Submarine Patrol
5%
1951 This Is Korea!
5%
1959 Korea
4%
1942 Torpedo Squadron
4%
1944 Undercover
4%
1943 At the Front in North Africa with the U.S. Army
3%
1946 It's Your America
3%
1943 We Sail at Midnight
3%
1943 German Industrial Manpower
1%
1943 How to Operate Behind Enemy Lines
1%
1965 Young Cassidy
0%
No matching quizzes found
Score Distribution
Percent of People with Each Score
Percentile by Number Answered
Your Score History
You have not taken this quiz